|
|
|
|
| LEADER |
00000nam a22000007a 4500 |
| 005 |
20120127133117.0 |
| 007 |
cr|||| |||| |
| 008 |
120127c20079999sp |||||s|||| 0|||b spa d |
| 035 |
|
|
|a 2156
|
| 040 |
|
|
|a vLex
|
| 090 |
|
|
|c 2959
|d 2959
|
| 245 |
0 |
0 |
|a Comisin̤ Nacional de la Competencia
|h [Recurso electrn̤ico]
|
| 256 |
|
|
|a Servicio en ln̕ea
|
| 260 |
|
|
|a Barcelona :
|b vLex
|
| 300 |
|
|
|a 1 recurso electrn̤ico
|
| 500 |
|
|
|a Esta fuente contiene las resoluciones dictadas por la Comisin̤ Nacional de la Competencia a partir de 01/09/2007 hasta la actualidad. Para ver las resoluciones anteriores a esa fecha ir al Tribunal de Defensa de la Competencia
|
| 506 |
1 |
|
|a Contenido solo disponible en los productos indicados
|d vLex Global
|d vLex Global (Academic Edition, excluding Law Schools)
|d vLex Global (U.S. Academic Edition, Law Schools)
|d vLex Global (U.S. Academic Edition, excluding Law Schools)
|d vLex Global (Academic Edition, Law Schools)
|
| 610 |
1 |
4 |
|a Espaą
|b Comisin̤ Nacional de la Competencia
|
| 650 |
0 |
4 |
|a Sentencias
|
| 740 |
0 |
|
|a vLex Jurisprudencia (Servicios en ln̕ea)
|
| 780 |
0 |
0 |
|a Tribunal de Defensa de la Competencia
|w 1478
|
| 856 |
0 |
4 |
|u http://vlex.com/source/comision-nacional-competencia-2156
|z Acceso restringido
|
| 942 |
|
|
|c TR
|
| 999 |
0 |
|
|a Jurisprudence
|b Spain
|